<?xml version="1.0" encoding="UTF-8"?>
<record
    xmlns:xsi="http://www.w3.org/2001/XMLSchema-instance"
    xsi:schemaLocation="http://www.loc.gov/MARC21/slim http://www.loc.gov/standards/marcxml/schema/MARC21slim.xsd"
    xmlns="http://www.loc.gov/MARC21/slim">

  <leader>02375nam a22002417a 4500</leader>
  <controlfield tag="005">20250724150405.0</controlfield>
  <controlfield tag="008">250722b        |||||||| |||| 00| 0 eng d</controlfield>
  <datafield tag="040" ind1=" " ind2=" ">
    <subfield code="c">AL</subfield>
  </datafield>
  <datafield tag="041" ind1=" " ind2=" ">
    <subfield code="a">kan</subfield>
  </datafield>
  <datafield tag="082" ind1=" " ind2=" ">
    <subfield code="a">K894.8</subfield>
    <subfield code="b">RAFE</subfield>
  </datafield>
  <datafield tag="100" ind1=" " ind2=" ">
    <subfield code="a">Mohammad Raffi</subfield>
    <subfield code="9">219955</subfield>
  </datafield>
  <datafield tag="100" ind1=" " ind2=" ">
    <subfield code="d">&#xCAE;&#xCB9;&#xCAE;&#xCCD;&#xCAE;&#xCA6;&#xCCD; &#xCB0;&#xCAB;&#xCBF; </subfield>
    <subfield code="9">219678</subfield>
  </datafield>
  <datafield tag="245" ind1=" " ind2=" ">
    <subfield code="a">Yeradu neregala naduve : Mangaluru Ganesha beedi kathana</subfield>
    <subfield code="b">: &#xC8E;&#xCB0;&#xCA1;&#xCC1; &#xCA8;&#xCC6;&#xCB0;&#xCC6;&#xC97;&#xCB3; &#xCA8;&#xCA1;&#xCC1;&#xCB5;&#xCC6; : &#xCAE;&#xC82;&#xC97;&#xCB3;&#xCC2;&#xCB0;&#xCC1; &#xC97;&#xCA3;&#xCC7;&#xCB6; &#xCAC;&#xCC0;&#xCA1;&#xCBF; &#xC95;&#xCA5;&#xCA8; </subfield>
  </datafield>
  <datafield tag="260" ind1=" " ind2=" ">
    <subfield code="a">Mysure</subfield>
    <subfield code="b">Rama Bai Charitable Foundation</subfield>
    <subfield code="c">2025</subfield>
  </datafield>
  <datafield tag="300" ind1=" " ind2=" ">
    <subfield code="a">104p.</subfield>
    <subfield code="b">PB</subfield>
    <subfield code="c">24x18cm</subfield>
  </datafield>
  <datafield tag="365" ind1=" " ind2=" ">
    <subfield code="2">Kannada</subfield>
    <subfield code="a">668</subfield>
    <subfield code="b">&#x20B9;135.00</subfield>
    <subfield code="c">&#x20B9;</subfield>
    <subfield code="d">&#x20B9;150.00</subfield>
    <subfield code="e">10%</subfield>
    <subfield code="f">10-07-2025</subfield>
  </datafield>
  <datafield tag="520" ind1=" " ind2=" ">
    <subfield code="a">&#xCB9;&#xCCC;&#xCA6;&#xCC1;, &#xCA8;&#xCA6;&#xCBF;&#xCAF; &#xCA8;&#xCC0;&#xCB0;&#xCBF;&#xC97;&#xCC2; &#xCA8;&#xCC6;&#xCA8;&#xCAA;&#xCC6;&#xC82;&#xCAC;&#xCC1;&#xCA6;&#xCC1;&#xC82;&#xC9F;&#xCC1;. &#xCAA;&#xCCD;&#xCB0;&#xCA4;&#xCC0; &#xC90;&#xCB5;&#xCA4;&#xCCD;&#xCA4;&#xCC1; &#xCB5;&#xCB0;&#xCCD;&#xCB7;&#xC95;&#xCCD;&#xC95;&#xCCA;&#xCAE;&#xCCD;&#xCAE;&#xCC6; &#xCA8;&#xCC7;&#xCA4;&#xCCD;&#xCB0;&#xCBE;&#xCB5;&#xCA4;&#xCBF; &#xCA8;&#xCA6;&#xCBF; &#xC89;&#xC95;&#xCCD;&#xC95;&#xCBF; &#xCB9;&#xCB0;&#xCBF;&#xCA6;&#xCC1; &#xC8A;&#xCB0;&#xCA8;&#xCCD;&#xCA8;&#xCC1; &#xCAE;&#xCC1;&#xCB3;&#xCC1;&#xC97;&#xCBF;&#xCB8;&#xCC1;&#xCB5;&#xCC1;&#xCA6;&#xCC1;&#xC82;&#xC9F;&#xCC1;. 1923&#xCB0; &#xCA8;&#xCC6;&#xCB0;&#xCC6; &#xCAC;&#xC82;&#xC9F;&#xCCD;&#xCB5;&#xCBE;&#xCB3;&#xCA6; &#xC9C;&#xCA8;&#xCB0; &#xC9C;&#xCC0;&#xCB5;&#xCA8;&#xCB5;&#xCA8;&#xCCD;&#xCA8;&#xCC1; &#xCAC;&#xCB9;&#xCB3;&#xCB5;&#xCC7; &#xC95;&#xCBE;&#xCA1;&#xCBF;&#xCA4;&#xCCD;&#xCA4;&#xCC1;. &#xC85;&#xCA6;&#xCC6;&#xCB7;&#xCCD;&#xC9F;&#xCCB; &#xC9C;&#xCA8;&#xCB0; &#xCAC;&#xCA6;&#xCC1;&#xC95;&#xCC1; &#xCAC;&#xCC0;&#xCA6;&#xCBF;&#xCAA;&#xCBE;&#xCB2;&#xCBE;&#xC97;&#xCBF;&#xCA4;&#xCCD;&#xCA4;&#xCC1;. &#xCB9;&#xCC0;&#xC97;&#xCBF;&#xCB0;&#xCC1;&#xCB5;&#xCBE;&#xC97; &#xC8A;&#xCB0;&#xCCA;&#xCB3;&#xC97;&#xCC6; &#xCA8;&#xCC1;&#xC97;&#xCCD;&#xC97;&#xCBF;&#xCA6; &#xC95;&#xCC6;&#xCB8;&#xCB0;&#xCBF;&#xCA8;&#xCB2;&#xCCD;&#xCB2;&#xCC7; &#xC9A;&#xCBF;&#xC97;&#xCC1;&#xCB0;&#xCCA;&#xCA1;&#xCC6;&#xCA6;&#xCC1; 1974&#xCB0; &#xCA8;&#xCC6;&#xCB0;&#xCC6;&#xCAF; &#xCB8;&#xC82;&#xCA6;&#xCB0;&#xCCD;&#xCAD; &#xCB2;&#xC95;&#xCCD;&#xCB7;&#xCBE;&#xC82;&#xCA4;&#xCB0; &#xC9C;&#xCA8;&#xCB0;&#xCA8;&#xCCD;&#xCA8;&#xCC1; &#xCAA;&#xCCA;&#xCB0;&#xCC6;&#xCA6; &#xCAC;&#xCC3;&#xCB9;&#xCA4;&#xCCD; &#xCB5;&#xCC3;&#xC95;&#xCCD;&#xCB7;&#xCB5;&#xCBE;&#xC97;&#xCBF; &#xCAC;&#xCC6;&#xCB3;&#xCC6;&#xCA6; &#xCAE;&#xC82;&#xC97;&#xCB3;&#xCC2;&#xCB0;&#xCC1; &#xC97;&#xCA3;&#xCC7;&#xCB6;&#xCCD; &#xCAC;&#xCC0;&#xCA1;&#xCBF;&#xCAF; &#xC95;&#xCA5;&#xCA8;&#xCB5;&#xCBF;&#xCA6;&#xCC1;. &#xCAA;&#xCCD;&#xCB0;&#xCB8;&#xCCD;&#xCA4;&#xCC1;&#xCA4; &#xCA7;&#xCC2;&#xCAE;&#xCAA;&#xCBE;&#xCA8; &#xCA8;&#xCBF;&#xCB7;&#xCC7;&#xCA7;&#xCA6;&#xC82;&#xCA4;&#xCB9; &#xC95;&#xCA0;&#xCBF;&#xCA3; &#xCB8;&#xCB5;&#xCBE;&#xCB2;&#xCC1;&#xC97;&#xCB3;&#xCA8;&#xCCD;&#xCA8;&#xCC1; &#xCB8;&#xC82;&#xCB8;&#xCCD;&#xCA5;&#xCC6; &#xC8E;&#xCA6;&#xCC1;&#xCB0;&#xCBF;&#xCB8;&#xCC1;&#xCA4;&#xCCD;&#xCA4;&#xCBF;&#xCA6;&#xCCD;&#xCA6;&#xCB0;&#xCC2; &#xCA6;&#xC95;&#xCCD;&#xCB7;&#xCBF;&#xCA3; &#xCAD;&#xCBE;&#xCB0;&#xCA4;&#xCA6; &#xC92;&#xC82;&#xCA6;&#xCC1; &#xCB6;&#xCA4;&#xCAE;&#xCBE;&#xCA8;&#xCB5;&#xCA8;&#xCCD;&#xCA8;&#xCC7; &#xC86;&#xCB0;&#xCCD;&#xCA5;&#xCBF;&#xC95; &#xCB8;&#xCB6;&#xC95;&#xCCD;&#xCA4;&#xCA4;&#xCC6;&#xCAF;&#xCA4;&#xCCD;&#xCA4; &#xC8E;&#xCA4;&#xCCD;&#xCA4;&#xCBF;&#xCA6; &#xC95;&#xCC0;&#xCB0;&#xCCD;&#xCA4;&#xCBF; &#xC88; &#xCB8;&#xC82;&#xCB8;&#xCCD;&#xCA5;&#xCC6;&#xCAF;&#xCA6;&#xCC1;. &#xC8E;&#xCB0;&#xCA1;&#xCC1; &#xCA8;&#xCC6;&#xCB0;&#xCC6;&#xC97;&#xCB3; &#xCA8;&#xCA1;&#xCC1;&#xCB5;&#xCC6; &#xCB5;&#xCB0;&#xCB5;&#xCBE;&#xC97;&#xCBF; &#xCAC;&#xCC6;&#xCB3;&#xCC6;&#xCA6;&#xCC1; &#xCA8;&#xCBF;&#xC82;&#xCA4; &#xCAE;&#xC82;&#xC97;&#xCB3;&#xCC2;&#xCB0;&#xCC1; &#xC97;&#xCA3;&#xCC7;&#xCB6;&#xCCD; &#xCAC;&#xCC0;&#xCA1;&#xCBF;&#xCAF; &#xCAF;&#xCB6;&#xCCB;&#xC97;&#xCBE;&#xCA5;&#xCC6;&#xCAF;&#xCBF;&#xCA6;&#xCC1;.</subfield>
  </datafield>
  <datafield tag="650" ind1=" " ind2=" ">
    <subfield code="a">Saga of Mangaluru Ganesh Beedi Works</subfield>
    <subfield code="9">219686</subfield>
  </datafield>
  <datafield tag="650" ind1=" " ind2=" ">
    <subfield code="a">Kannada Miscellaneous</subfield>
    <subfield code="9">219908</subfield>
  </datafield>
  <datafield tag="700" ind1=" " ind2=" ">
    <subfield code="a">Kamath, Manjunath</subfield>
    <subfield code="9">219679</subfield>
  </datafield>
  <datafield tag="700" ind1=" " ind2=" ">
    <subfield code="a">&#xC95;&#xCBE;&#xCAE;&#xCA4;&#xCCD;, &#xCAE;&#xC82;&#xC9C;&#xCC1;&#xCA8;&#xCBE;&#xCA5; </subfield>
    <subfield code="9">219680</subfield>
  </datafield>
  <datafield tag="942" ind1=" " ind2=" ">
    <subfield code="2">ddc</subfield>
    <subfield code="c">BK</subfield>
  </datafield>
  <datafield tag="999" ind1=" " ind2=" ">
    <subfield code="c">234645</subfield>
    <subfield code="d">234645</subfield>
  </datafield>
  <datafield tag="952" ind1=" " ind2=" ">
    <subfield code="0">0</subfield>
    <subfield code="1">0</subfield>
    <subfield code="2">ddc</subfield>
    <subfield code="4">0</subfield>
    <subfield code="7">0</subfield>
    <subfield code="8">KAN</subfield>
    <subfield code="a">AL</subfield>
    <subfield code="b">AL</subfield>
    <subfield code="c">SK</subfield>
    <subfield code="d">2025-07-21</subfield>
    <subfield code="e">Aakrithi Aashaya Publications, Mangaluru-575001</subfield>
    <subfield code="g">135.00</subfield>
    <subfield code="l">0</subfield>
    <subfield code="o">K894.8 RAFY</subfield>
    <subfield code="p">077758</subfield>
    <subfield code="r">2025-07-22 14:06:15</subfield>
    <subfield code="v">150.00</subfield>
    <subfield code="w">2025-07-22</subfield>
    <subfield code="y">BK</subfield>
  </datafield>
</record>
